Lessons for IELT : Advanced speaking

This course provides advanced-level students with language and practice activities which will lead to higher band scores in the IELTS Speaking test. The course also contains tips and advice for engaging in a conversation-style test, where the skills of listening to the questions and responding appro...

সম্পূর্ণ বিবরণ

সংরক্ষণ করুন:
গ্রন্থ-পঞ্জীর বিবরন
বিন্যাস: গ্রন্থ
ভাষা:Undetermined
প্রকাশিত: Thành phố Hồ Chí Minh Tổng hợp Thành phố Hồ Chí Minh 2013
বিষয়গুলি:
ট্যাগগুলো: ট্যাগ যুক্ত করুন
কোনো ট্যাগ নেই, প্রথমজন হিসাবে ট্যাগ করুন!
Thư viện lưu trữ: Trung tâm Học liệu Trường Đại học Cần Thơ
LEADER 01030nam a2200205Ia 4500
001 CTU_207582
008 210402s9999 xx 000 0 und d
020 |c 152000 
082 |a 428.0076 
082 |b L641 
245 0 |a Lessons for IELT : 
245 0 |b Advanced speaking 
260 |a Thành phố Hồ Chí Minh 
260 |b Tổng hợp Thành phố Hồ Chí Minh 
260 |c 2013 
520 |a This course provides advanced-level students with language and practice activities which will lead to higher band scores in the IELTS Speaking test. The course also contains tips and advice for engaging in a conversation-style test, where the skills of listening to the questions and responding appropriately are very important. 
650 |a Tiếng Anh,English language,English language,Tiếng Anh 
650 |x Kỳ thi,Hưỡng dẫn học tập,Examinations,Study guides,Spoken English,Nói tiếng Anh 
904 |i Tuyến 
980 |a Trung tâm Học liệu Trường Đại học Cần Thơ